[Event "BLR-ch 1st stage"]
[Site "Minsk"]
[Date "2016.12.07"]
[Round "5"]
[White "Lomako, Pavel"]
[Black "Konstantinov, Mikhail"]
[Result "0-1"]
[WhiteElo "2351"]
[BlackElo "2127"]
[PlyCount "70"]
[EventDate "2016.12.03"]
[EventType "swiss"]
[EventRounds "9"]
[EventCountry "BLR"]
[SourceTitle "CBM 176 Extra"]
[Source "ChessBase"]
[SourceDate "2017.03.02"]
[SourceVersion "1"]
[SourceVersionDate "2017.03.02"]
[SourceQuality "1"]

1. d4 e6 2. Nf3 c5 3. c3 Nc6 4. e3 Nf6 5. Bd3 d5 6. 0-0 Bd6 7. Nbd2 0-0 8. dxc5 Bxc5 9. e4 Qc7 10. Qe2 Bd6 11. Re1 dxe4 12. Nxe4 Nxe4 13. Qxe4 f5 14. Qh4 h6 15. Be3 Rf6 16. Rad1 f4 17. Bc1 e5 18. Nd2 Be7 19. Qh5 Be6 20. Qe2 Raf8 21. Bc4 Kh8 22. Bb3 Bxb3 23. axb3 Rg6 24. Nf3 Qc8 25. Kh1 Qg4 26. Rg1 Rf5 27. Qe4 Rh5 28. h3 Bc5 29. Rd2 Kh7 30. b4 Bb6 31. b5 Ne7 32. Qd3 Qe6 33. Qe4 Nf5 34. Kh2 Nd6 35. Qxe5 Rxg2+ 0-1

[Event "Minsk Inautomarket op"]
[Site "Minsk"]
[Date "2005.07.11"]
[Round "2"]
[White "Konstantinov, Mikhail"]
[Black "Kim, Alexey"]
[Result "1/2-1/2"]
[WhiteElo "2263"]
[BlackElo "2449"]
[PlyCount "82"]
[EventDate "2005.07.06"]
[EventType "swiss"]
[EventRounds "9"]
[EventCountry "BLR"]
[SourceTitle "CBM 107 Extra"]
[Source "ChessBase"]
[SourceDate "2005.09.01"]
[SourceVersion "1"]
[SourceVersionDate "2005.09.01"]
[SourceQuality "1"]

1. e4 c5 2. Nf3 e6 3. d4 cxd4 4. Nxd4 Nc6 5. Nc3 Qc7 6. Be2 Nf6 7. 0-0 Be7 8. Kh1 0-0 9. f4 d6 10. Bf3 a6 11. Nxc6 bxc6 12. e5 dxe5 13. fxe5 Qxe5 14. Bxc6 Ra7 15. Bf4 Qc5 16. Qf3 Bd7 17. Be3 Qd6 18. Ne4 Bxc6 19. Nxd6 Bxf3 20. Bxa7 Bc6 21. Rad1 Nd5 22. Bc5 e5 23. Rde1 f6 24. c4 Nb6 25. Bxb6 Bxd6 26. Rd1 Be7 27. Bc7 Rc8 28. Bd6 Bd8 29. b4 Ba4 30. Rd2 Rxc4 31. Bxe5 Bb6 32. Bd6 Bc6 33. h3 h5 34. Bc5 Bc7 35. Rdd1 Rc2 36. Rf2 Rc4 37. Bd6 Ba4 38. Rd3 Rc1+ 39. Kh2 Bb6 40. Bc5 Bc7+ 41. Bd6 Bb6 1/2-1/2

[Event "North Sea Cup 19th"]
[Site "Esbjerg"]
[Date "2004.07.10"]
[Round "9"]
[White "Kwapinski, Leszek"]
[Black "Konstantinov, Mikhail"]
[Result "1-0"]
[WhiteElo "1895"]
[BlackElo "2276"]
[PlyCount "51"]
[EventDate "2004.07.03"]
[EventType "swiss"]
[EventRounds "9"]
[EventCountry "DEN"]
[SourceTitle "CBM 101 Extra"]
[Source "ChessBase"]
[SourceDate "2004.09.01"]
[SourceVersion "2"]
[SourceVersionDate "2004.09.01"]
[SourceQuality "1"]

1. c4 c5 2. g3 Nf6 3. Nc3 d5 4. cxd5 Nxd5 5. Bg2 Nc7 6. Nf3 Nc6 7. 0-0 e5 8. d3 Be7 9. Be3 0-0 10. Rc1 Na6 11. a3 Be6 12. Ne4 Nd4 13. Nxe5 f6 14. Nf3 Nxf3+ 15. Bxf3 Rc8 16. Nc3 Rb8 17. Bf4 Nc7 18. Qa4 a6 19. Rfd1 Bd6 20. Bxd6 Qxd6 21. Ne4 Qb6 22. Nxc5 Qxb2 23. Nxe6 Nxe6 24. Bd5 Qe5 25. Qd7 Rfe8 26. Rc7 1-0

[Event "World University-ch 6th"]
[Site "Golden Sands"]
[Date "2000.09.03"]
[Round "3"]
[White "Konstantinov, Mikhail"]
[Black "Papazov, Ivajlo"]
[Result "0-1"]
[WhiteElo "2222"]
[BlackElo "2342"]
[PlyCount "100"]
[EventDate "2000.09.01"]
[EventType "team"]
[EventRounds "9"]
[EventCountry "BUL"]
[SourceTitle "CBM 077 Extra"]
[Source "ChessBase"]
[SourceDate "2000.09.14"]
[SourceVersion "1"]
[SourceVersionDate "2000.09.14"]
[SourceQuality "1"]

1. e4 e5 2. Nf3 Nc6 3. Bb5 a6 4. Ba4 Nf6 5. 0-0 Be7 6. Re1 b5 7. Bb3 0-0 8. c3 d6 9. d4 Bg4 10. d5 Na5 11. Bc2 c6 12. dxc6 Qc7 13. h3 Bc8 14. Nbd2 Qxc6 15. Nf1 g6 16. Bg5 Nc4 17. Qc1 Re8 18. Ne3 Nxe3 19. Qxe3 Be6 20. Bb3 Bxb3 21. axb3 Nd7 22. Bxe7 Rxe7 23. Rad1 Nc5 24. b4 Ne6 25. Rd2 Rd8 26. Red1 f6 27. Nh2 h6 28. Nf1 Red7 29. Qf3 Kg7 30. h4 f5 31. exf5 Qxf3 32. fxe6 Qxd1 33. Rxd1 Ra7 34. Ne3 Kf6 35. e7 Kxe7 36. Nd5+ Ke6 37. f3 Rc8 38. Kf2 a5 39. bxa5 Rxa5 40. Ke3 Ra2 41. Rd2 Ra1 42. Nb4 Re1+ 43. Kf2 Rb1 44. Nd5 Rc5 45. Nb4 Rc7 46. Nd5 Ra7 47. Nb4 Raa1 48. Nc6 Ra2 49. Nd8+ Kd7 50. Nf7 Rbxb2 0-1